00457nam a22001577a 4500020001500000082002500015100002700040245004200067250001000109260004400119300001700163526003700180526003700217526003700254650000800291 a9698961011 a348bUNIcN-01, P-48 aDr Captain U.A.G Isani aManual of University laws in Pakistan aVol 1 aKarachibIqra university, Karachic2006 aP-733bIllus a0b0c0d348_000000000000000_UNI a0b0c0d348_000000000000000_UNI a0b0c0d348_000000000000000_UNI aMCE